Kanyā-kalaṅka-kathā / (Record no. 82855)

MARC details
000 -LEADER
fixed length control field 00512nam a2200193 a 4500
001 - CONTROL NUMBER
control field sa 68009302
003 - CONTROL NUMBER IDENTIFIER
control field DLC
005 - DATE AND TIME OF LATEST TRANSACTION
control field 20260227112542.0
008 - FIXED-LENGTH DATA ELEMENTS--GENERAL INFORMATION
fixed length control field 980122s1961 ii 000 0 ben
010 ## - LIBRARY OF CONGRESS CONTROL NUMBER
LC control number sa 68009302
040 ## - CATALOGING SOURCE
Original cataloging agency DLC
Transcribing agency DLC
050 00 - LIBRARY OF CONGRESS CALL NUMBER
Classification number PK1718.B37
Item number K3
100 1# - MAIN ENTRY--PERSONAL NAME
Personal name Basu, Gaurāṅgaprasāda.
245 10 - TITLE STATEMENT
Title Kanyā-kalaṅka-kathā /
Statement of responsibility, etc. Gaurāṅgaprasāda Basu.
260 ## - PUBLICATION, DISTRIBUTION, ETC.
Place of publication, distribution, etc. Kalikātā :
Name of publisher, distributor, etc. Bāk Sāhitya,
Date of publication, distribution, etc. 1961.
300 ## - PHYSICAL DESCRIPTION
Extent 160 p. ;
Dimensions 23 cm.
546 ## - LANGUAGE NOTE
Language note In Bengali.
500 ## - GENERAL NOTE
General note Novel.

No items available.

Powered by Koha